Študijný slovník anglicko - slovenský, slovensko - anglický

Salvato in:
Dettagli Bibliografici
Natura: Multimedia Libro
Pubblicazione: Bratislava : Lingea, 2002
Serie:Lexicon 2002
Soggetti:
Tags: Aggiungi Tag
Nessun Tag, puoi essere il primo ad aggiungerne!!

MARC

LEADER 00000npm a22000003a 4500
001 stu78621
005 20150408161712.7
008 030127s2002----xo----------------------d
040 |a STU  |b slo 
041 0
044 |a xo 
080 |a 801.316.4=20=854=20 
245 |a Študijný slovník anglicko - slovenský, slovensko - anglický 
260 |a Bratislava :  |b Lingea,  |c 2002 
650 7 |a angličtina  |2 stusub 
830 0 |a Lexicon 2002 
996 |b 284M038927  |c M*CD-328  |l MMKN  |s A  |a 24  |w stu78621_0001